ბათუმის შოთა რუსთაველის სახელმწიფო უნივერსიტეტის ბიბლიოთეკა

Прикладные задачи динамического программирования (ბიბ.ჩანაწერი № 47971)

000 -LEADER
fixed length control field 00659nam a2200205Ia 4500
001 - CONTROL NUMBER
control field 14849
003 - CONTROL NUMBER IDENTIFIER
control field GE_BSU
008 - FIXED-LENGTH DATA ELEMENTS--GENERAL INFORMATION
fixed length control field 181216s||||||||xx |||||||||||||| ||und||
040 ## - CATALOGING SOURCE
Transcribing agency GE_BSU
080 ## - UNIVERSAL DECIMAL CLASSIFICATION NUMBER
Universal Decimal Classification number 519.6
100 ## - MAIN ENTRY--PERSONAL NAME
Personal name Белльман,Р. Дрейфус,С.
245 ## - TITLE STATEMENT
Title Прикладные задачи динамического программирования
245 ## - TITLE STATEMENT
Statement of responsibility, etc. Под.ред.А.А.Первозванного
260 ## - PUBLICATION, DISTRIBUTION, ETC.
Place of publication, distribution, etc. Москва
260 ## - PUBLICATION, DISTRIBUTION, ETC.
Name of publisher, distributor, etc. Наука
260 ## - PUBLICATION, DISTRIBUTION, ETC.
Date of publication, distribution, etc. 1965
300 ## - PHYSICAL DESCRIPTION
Extent 452стр.20см.
653 ## - INDEX TERM--UNCONTROLLED
Uncontrolled term Прикладные задачи динамического программирования
942 ## - ADDED ENTRY ELEMENTS (KOHA)
Koha item type წიგნი
ეგზემპლარები
Withdrawn status Lost status Damaged status Not for loan Date acquired Barcode Date last seen Price effective from Koha item type
        2018-12-17 18079 2018-12-17 2018-12-17 წიგნი